The environment and emmerging development issues; T2

In these two volumes, expert contributors provide a set of authoritative studies of emerging development issues, ranging from foundational matters to case studies. They address both analytic and emprical issues on the role of environmental resources in the development process, presenting explanation...

Deskribapen osoa

Gorde:
Xehetasun bibliografikoak
Formatua: Liburua
Hizkuntza:Undetermined
Argitaratua: Oxford Clarendon 1998
Gaiak:
Etiketak: Etiketa erantsi
Etiketarik gabe, Izan zaitez lehena erregistro honi etiketa jartzen!
Thư viện lưu trữ: Trung tâm Học liệu Trường Đại học Cần Thơ
LEADER 01001nam a2200169Ia 4500
001 CTU_27683
008 210402s9999 xx 000 0 und d
082 |a 338.9 
082 |b E56/T2 
245 4 |a The environment and emmerging development issues; T2 
260 |a Oxford 
260 |b Clarendon 
260 |c 1998 
520 |a In these two volumes, expert contributors provide a set of authoritative studies of emerging development issues, ranging from foundational matters to case studies. They address both analytic and emprical issues on the role of environmental resources in the development process, presenting explanations of existing situations and policies for the future. Their chapters go beyond the confines of environmental economics proper to cover broader theoretical issues fundamental to our understanding of environmental policy. 
650 |a economic development projects 
904 |i Nguyễn Quang Điền, 981231 
980 |a Trung tâm Học liệu Trường Đại học Cần Thơ